Gặp gỡ cuối năm tiểu thuyết
Na minha lista:
| Autor principal: | |
|---|---|
| Formato: | Livro |
| Idioma: | Vietnamese |
| Publicado em: |
H.
Nxb. Tác phẩm mới; Hội nhà văn Việt Nam
1982
|
| Assuntos: | |
| Tags: |
Adicionar Tag
Sem tags, seja o primeiro a adicionar uma tag!
|
| Thư viện lưu trữ: | Mạng thư viện Đại học Đà Nẵng |
|---|
| LEADER | 00995nam a2200301 4500 | ||
|---|---|---|---|
| 001 | 000014810 | ||
| 003 | 11180 | ||
| 005 | 20120515080553.0 | ||
| 008 | 120515s1982 viesd | ||
| 041 | 0 | |a vie | |
| 082 | |a 895.9223 |b NG-K | ||
| 100 | 0 | |a Nguyễn Khải | |
| 245 | 0 | |a Gặp gỡ cuối năm |b tiểu thuyết |c Nguyễn Khải | |
| 260 | |a H. |b Nxb. Tác phẩm mới; Hội nhà văn Việt Nam |c 1982 | ||
| 300 | |a 158tr. |c 19 cm | ||
| 653 | |a Việt Nam | ||
| 653 | |a Văn học hiện đại | ||
| 653 | |a tiểu thuyết | ||
| OWN | |a LSP | ||
| AVA | |a UDN50 |b LSP |d 895.9223 NG-K |e available |t Error 5001 Not defined in file expand_doc_bib_avail. |f 1 |g 0 |h N |i 0 |k 1 | ||
| 999 | |a From the UDN01 | ||
| AVA | |a UDN50 |b LSP |d 895.9223 NG-K |e available |t Error 5001 Not defined in file expand_doc_bib_avail. |f 1 |g 0 |h N |i 0 |k 1 | ||
| TYP | |a Monograph | ||
| TYP | |a Printed language | ||
| 980 | |a Mạng thư viện Đại học Đà Nẵng | ||